01282nam a2200265 a 4500001001000000005001700010008004100027041000800068044000700076084002300083100001900106245014100125260002400266300002600290500003600316500009300352500004700445500015100492500008500643506009200728546005200820600001900872650008700891700003800978BRCA_517820190320204955.0241110m17501751mx-######v---#000-0#spa-# aspa amx aDOC129b.B67c17501 aBorja, Antonio10aDocumento expedido a Don Antonio Borja y Don Joseph Manuel de Vera y SaldivarcDon Antonio Borja y Don Joseph Manuel de Vera y Saldivar. aMéxicoc1750-1751 a[4] fojasc31 x 21 cm aDocumento expedido en 1750-1751 aLibramiento expedido a favor de Don Antonio Borja y Don Joseph Manuel de Vera y Saldivar aEl documento contiene la leyenda DOC. #297 aAl margen sello con escudo español e inscripción que dice: SELLO QUARTO. UN QUARTILLO. AÑOS DE MIL SETECIENTOS Y CINQUENTA Y CINQUENTA Y UNO aEstado de conservación: contiene manchas de acido y los márgenes maltratados0 aFondo reservado: para su consulta es necesario credencial de usuario y carta de motivos aTexto en: español de mediados del siglo XVIII14aBorja, Antonio14aDocumentos legalesvImpreso con rúbricasxHistoriayColonia, 1521-1821zMéxico1 aVera y Saldivar, Joseph Manuel de